The noble scholar, jurist, historian


 His Excellency Dr. Abdul Wahhab bin Ibrahim Abu Sulaiman, may Allah have mercy on him.


 He was born in Umm Al-Qura in the year 1356 AH.

مقدمة كتاب وفية الأسلاف وتحية الأخلاف / (Record no. 14436)

MARC details
000 -LEADER
fixed length control field 01017cam a22002531i 4500
003 - CONTROL NUMBER IDENTIFIER
control field SA-RiAUC
005 - DATE AND TIME OF LATEST TRANSACTION
control field 20260221123342.0
008 - FIXED-LENGTH DATA ELEMENTS--GENERAL INFORMATION
fixed length control field 260218s1883 ru g 000 0 ara c
040 ## - CATALOGING SOURCE
Original cataloging agency SA-RiAUC
Language of cataloging ara
Transcribing agency SA-RiAUC
Description conventions rda
082 04 - DEWEY DECIMAL CLASSIFICATION NUMBER
Classification number 953
090 ## - LOCALLY ASSIGNED LC-TYPE CALL NUMBER (OCLC); LOCAL CALL NUMBER (RLIN)
Classification number (OCLC) (R) ; Classification number, CALL (RLIN) (NR) م ن 953
Local cutter number (OCLC) ; Book number/undivided call number, CALL (RLIN) م ر ج
100 1# - MAIN ENTRY--PERSONAL NAME
Personal name المرجاني، هارون بن بهاء الدين المرجاني،
Dates associated with a name 1233-1306 هجري
Relator term مؤلف.
245 10 - TITLE STATEMENT
Title مقدمة كتاب وفية الأسلاف وتحية الأخلاف /
Statement of responsibility, etc. شهاب الدين المرجاني.
250 ## - EDITION STATEMENT
Edition statement الطبعة الأولى.
264 #1 - PRODUCTION, PUBLICATION, DISTRIBUTION, MANUFACTURE, AND COPYRIGHT NOTICE
Place of production, publication, distribution, manufacture قازان، روسيا :
Name of producer, publisher, distributor, manufacturer مطبعة ويجيسلاف،
Date of production, publication, distribution, manufacture, or copyright notice 1883
300 ## - PHYSICAL DESCRIPTION
Extent 411 صفحة؛
Dimensions 29 سم.
336 ## - CONTENT TYPE
Content type term نص
Content type code txt
Source rdacontent
Materials specified كتاب
337 ## - MEDIA TYPE
Media type term بدون وسيط
Media type code n
Source rdamedia
338 ## - CARRIER TYPE
Carrier type term مجلد
Carrier type code nc
Source rdacarrier
650 #7 - SUBJECT ADDED ENTRY--TOPICAL TERM
Topical term or geographic name entry element التاريخ الإسلامي
Source of heading or term aucsh
740 02 - ADDED ENTRY--UNCONTROLLED RELATED/ANALYTICAL TITLE
Uncontrolled related/analytical title وفية الأسلاف وتحية الأخلاف.
942 ## - ADDED ENTRY ELEMENTS (KOHA)
Source of classification or shelving scheme Dewey Decimal Classification
Koha item type كتاب مصور نادر
Suppress in OPAC No
949 ## - LOCAL PROCESSING INFORMATION (OCLC)
a SA-JeALM
d 260218
u mohamedma123
n 1
Holdings
Withdrawn status Lost status Source of classification or shelving scheme Damaged status Not for loan Home library Current library Date acquired Total checkouts Full call number Barcode Date last seen Price effective from Koha item type
    Dewey Decimal Classification     DR AbdElwahab Library DR AbdElwahab Library 02/21/2026   م ن 953 م ر ج 000022871 02/21/2026 02/21/2026 كتاب مصور نادر
    Dewey Decimal Classification     DR AbdElwahab Library DR AbdElwahab Library 05/12/2026   م ن 953 م ر ج 000023555 05/12/2026 05/12/2026 كتاب مصور نادر